心靈的重建: (Record no. 17440)
[ view plain ]
| 000 -LEADER | |
|---|---|
| fixed length control field | 00512nam a2200169Ia 4500 |
| 008 - FIXED-LENGTH DATA ELEMENTS--GENERAL INFORMATION | |
| fixed length control field | 200830s9999||||xx |||||||||||||| ||und|| |
| 020 ## - INTERNATIONAL STANDARD BOOK NUMBER | |
| International Standard Book Number | 9579718865 |
| 041 ## - LANGUAGE CODE | |
| Language code of text/sound track or separate title | chi |
| 050 ## - LIBRARY OF CONGRESS CALL NUMBER | |
| Classification number | BV3797 |
| Item number | .T3631 1997 |
| 100 ## - MAIN ENTRY--PERSONAL NAME | |
| Personal name | 唐崇榮 |
| 245 #0 - TITLE STATEMENT | |
| Title | 心靈的重建: |
| Remainder of title | 唐崇榮博士佈道大會 / |
| Statement of responsibility, etc. | 唐崇榮 |
| 246 ## - VARYING FORM OF TITLE | |
| Title proper/short title | 心灵的重建: |
| Remainder of title | 唐崇荣博士布道大会/ |
| 260 ## - PUBLICATION, DISTRIBUTION, ETC. | |
| Place of publication, distribution, etc. | 台北市, |
| Name of publisher, distributor, etc. | 中國福音會出版部, |
| Date of publication, distribution, etc. | 1997 |
| 300 ## - PHYSICAL DESCRIPTION | |
| Extent | 145 p. |
| Other physical details | ; |
| Dimensions | 21 cm. |
| 650 ## - SUBJECT ADDED ENTRY--TOPICAL TERM | |
| Topical term or geographic name entry element | Evangelistic--Sermons. |
| Withdrawn status | Lost status | Source of classification or shelving scheme | Damaged status | Not for loan | Home library | Current library | Shelving location | Date acquired | Total Checkouts | Full call number | Barcode | Date last seen | Price effective from | Koha item type | Copy number |
|---|---|---|---|---|---|---|---|---|---|---|---|---|---|---|---|
| Library of Congress Classification | GETS Theological Seminary Library | GETS Theological Seminary Library | General Stacks | 08/24/2020 | BV3797 .T3631 1997 | 00005668 | 08/24/2020 | 08/24/2020 | Chinese Book | ||||||
| Library of Congress Classification | GETS Theological Seminary Library | GETS Theological Seminary Library | General Stacks | 08/30/2020 | BV3797 .T3631 1997 | 00012234 | 08/30/2020 | 08/30/2020 | Chinese Book | c. 2 |